[Event "OL-NORD WEST 1617 SV Tempo Göttin. - SF"]
[Site "?"]
[Date "2016.12.04"]
[Round "3.8"]
[White "Petzold, Lutz Lukas"]
[Black "Streich, Gerhard"]
[Result "1-0"]
[WhiteElo "2243"]
[BlackElo "2116"]
[PlyCount "101"]
[EventDate "2016.??.??"]

1. e4 c5 2. Nf3 Nc6 3. d4 cxd4 4. Nxd4 Nf6 5. Nc3 e5 6. Ndb5 d6 7. Bg5 a6 8.
Na3 b5 9. Nd5 Be7 10. Bxf6 Bxf6 11. c3 O-O 12. Nc2 Bg5 13. a4 bxa4 14. Rxa4 Bb7
15. Bc4 a5 16. O-O Ne7 17. Qd3 Bc6 18. Ra2 Rb8 19. Rfa1 Nxd5 20. Bxd5 Bb5 21.
Qf3 Bd7 22. Na3 Qc7 23. Nc4 a4 24. Na3 Qc5 25. Nc2 Kh8 26. Nb4 Qb6 27. Qh5 Be7
28. Qe2 f5 29. exf5 Rxf5 30. Be4 Rg5 31. Nd5 Qd8 32. Re1 Bf8 33. Raa1 Qe8 34.
Rad1 Qh5 35. Qxh5 Rxh5 36. Rd2 Be6 37. Ra1 Rh4 38. f3 Bxd5 39. Bxd5 Rf4 40. h3
Rf6 41. Rxa4 g6 42. b4 Bh6 43. Re2 Rc8 44. c4 Rff8 45. Ra6 Rfd8 46. b5 Rb8 47.
b6 Bc1 48. b7 Kg7 49. Ra8 Kf6 50. Kf2 Ke7 51. f4 1-0

[Event "OL-NORD WEST 1617 SV Werder Bremen - Po"]
[Site "?"]
[Date "2016.12.04"]
[Round "3.1"]
[White "Laubsch, Bernd"]
[Black "Buchal, Stephan"]
[Result "1/2-1/2"]
[WhiteElo "2301"]
[BlackElo "2332"]
[PlyCount "77"]
[EventDate "2016.??.??"]

1. e4 g6 2. d4 Bg7 3. Nc3 d6 4. h4 Nf6 5. f3 c6 6. g4 h5 7. g5 Nfd7 8. Be3 b5
9. Qd2 Nb6 10. Nh3 a5 11. Nf4 Ba6 12. Nd1 N8d7 13. Qxa5 O-O 14. Be2 e5 15. dxe5
Bb7 16. Qd2 Nxe5 17. O-O Nec4 18. Qc1 d5 19. c3 Nxe3 20. Qxe3 d4 21. Qc1 dxc3
22. Nxc3 b4 23. Nd1 Qd4+ 24. Kg2 c5 25. Rf2 c4 26. Bf1 Rfd8 27. Ne3 Rac8 28.
Qe1 c3 29. bxc3 bxc3 30. Rb1 Ba8 31. Rb5 Bc6 32. Nc2 Qd6 33. e5 Qc7 34. Rxb6
Qxb6 35. e6 Qb7 36. Bd3 Rf8 37. Qe2 Bd5 38. Ba6 Qa8 39. Bxc8 1/2-1/2

[Event "OL-NORD WEST 1617 SV Werder Bremen - Po"]
[Site "?"]
[Date "2016.12.04"]
[Round "3.2"]
[White "Krallmann, Matthias"]
[Black "Wiegmann, Sascha"]
[Result "1/2-1/2"]
[WhiteElo "2136"]
[BlackElo "2267"]
[PlyCount "59"]
[EventDate "2016.??.??"]

1. d4 Nf6 2. c4 g6 3. g3 Bg7 4. Bg2 O-O 5. Nf3 d6 6. O-O Nbd7 7. Nc3 e5 8. e4
exd4 9. Nxd4 Re8 10. h3 a6 11. Re1 Rb8 12. a4 a5 13. Ndb5 Nc5 14. Bf4 Nfd7 15.
Re2 Ne5 16. b3 Ned3 17. Be3 c6 18. Nd4 Ne5 19. Qc2 Qf6 20. Rf1 Ne6 21. f4 Nd7
22. Ref2 Nec5 23. Nde2 Bf8 24. Bd4 Qe7 25. g4 Nf6 26. Ng3 Bxg4 27. hxg4 Nxg4
28. Bf3 Qh4 29. Rg2 Ne6 30. Qd2 1/2-1/2

[Event "OL-NORD WEST 1617 SV Werder Bremen - Po"]
[Site "?"]
[Date "2016.12.04"]
[Round "3.3"]
[White "Gomolla, Peter"]
[Black "Kardoeus, David"]
[Result "0-1"]
[WhiteElo "2193"]
[BlackElo "2161"]
[PlyCount "80"]
[EventDate "2016.??.??"]

1. e4 e5 2. Nf3 Nc6 3. Nc3 Nf6 4. Bb5 Nd4 5. Nxd4 exd4 6. e5 dxc3 7. exf6 Qxf6
8. dxc3 c6 9. Bd3 d5 10. Be3 Bd6 11. Qd2 O-O 12. O-O-O h6 13. h4 b5 14. g4 Bxg4
15. Rdg1 Qf3 16. h5 f5 17. Bf1 Rae8 18. Bg2 Qe2 19. Bxd5+ cxd5 20. Qxd5+ Kh7
21. Qxd6 Rf6 22. Qd3 Bxh5 23. Qxe2 Bxe2 24. Bxa7 g5 25. Bd4 Rg6 26. Kd2 f4 27.
Re1 Rge6 28. b3 h5 29. c4 Re4 30. c3 bxc4 31. b4 h4 32. a4 Bf3 33. Rxe4 Rxe4
34. Rh3 Re2+ 35. Kc1 Bg2 36. Rh2 h3 37. Kd1 Ra2 38. a5 Kg6 39. Bb6 g4 40. Bc7
Rxf2 0-1

[Event "OL-NORD WEST 1617 SV Werder Bremen - Po"]
[Site "?"]
[Date "2016.12.04"]
[Round "3.4"]
[White "Brinkmann, Fabian"]
[Black "Bogomolow, Sergej"]
[Result "1/2-1/2"]
[WhiteElo "2108"]
[BlackElo "2195"]
[PlyCount "94"]
[EventDate "2016.??.??"]

1. d4 Nf6 2. c4 e6 3. g3 d5 4. Bg2 Bb4+ 5. Nd2 O-O 6. Ngf3 dxc4 7. Qc2 Nc6 8.
Qxc4 Ne4 9. Qd3 Nxd2 10. Bxd2 Bd6 11. Ng5 g6 12. a3 e5 13. d5 Nd4 14. Ne4 Bg4
15. f3 Bd7 16. e3 Bb5 17. Qc3 Nf5 18. Nc5 b6 19. Nd3 Re8 20. e4 Nd4 21. f4 c5
22. fxe5 Bxe5 23. Nxe5 Rxe5 24. Be3 Qf6 25. Bxd4 cxd4 26. Qb3 Bd7 27. O-O-O Qf2
28. Qf3 Rc8+ 29. Kb1 Qc2+ 30. Ka1 Rc4 31. Rhf1 f5 32. Rf2 Qxe4 33. Qb3 Qe3 34.
Qxc4 Qxf2 35. Qc7 Qe2 36. Rxd4 Be8 37. Bf3 Qf1+ 38. Ka2 Re1 39. Qc3 a5 40. d6
Ra1+ 41. Kb3 a4+ 42. Rxa4 Bxa4+ 43. Kxa4 Qa6+ 44. Kb3 Qb5+ 45. Kc2 Rf1 46. b4
Qa4+ 47. Kd2 Qb5 1/2-1/2

[Event "OL-NORD WEST 1617 SV Werder Bremen - Po"]
[Site "?"]
[Date "2016.12.04"]
[Round "3.5"]
[White "Mittelstaedt, Hendrik"]
[Black "Lai Hop, Duong"]
[Result "0-1"]
[WhiteElo "2056"]
[BlackElo "2164"]
[PlyCount "156"]
[EventDate "2016.??.??"]

1. d4 d5 2. Nc3 Nf6 3. Bf4 c6 4. e3 Bf5 5. f3 e6 6. g4 Bg6 7. h4 h6 8. Bd3 Bxd3
9. Qxd3 Bd6 10. Nge2 Bxf4 11. exf4 Nbd7 12. O-O-O Qc7 13. Kb1 O-O-O 14. Qe3
Rde8 15. Nc1 h5 16. g5 Nh7 17. Nd3 g6 18. Rc1 Nhf8 19. b3 Nb6 20. Ne5 Re7 21.
Nd1 Nfd7 22. Nf2 Kb8 23. c4 Nxe5 24. fxe5 Rd7 25. Nd3 dxc4 26. Nc5 cxb3 27.
Nxd7+ Qxd7 28. axb3 Rd8 29. Rhd1 Nd5 30. Qd2 Qc7 31. Rc5 Qb6 32. Kb2 Qb4 33.
Qxb4 Nxb4 34. Ka3 Nd5 35. Rd3 Ne7 36. Rc2 Nf5 37. Rh2 Kc7 38. Rhd2 Rd5 39. b4
Nxh4 40. Kb3 Nf5 41. Kc4 a6 42. Ra2 Ne7 43. Rd1 Rd8 44. Rad2 Nd5 45. Rb1 Kb6
46. Ra1 Ne3+ 47. Kd3 Nf5 48. Kc4 Rd5 49. Rd3 Ne7 50. Rd2 Rb5 51. Rb2 Rd5 52.
Ra5 Rd8 53. Rd2 h4 54. Ra1 Nf5 55. Rh1 Rh8 56. Rh3 Rh5 57. f4 Rh8 58. Ra2 Rd8
59. Rd2 Rd5 60. Rb3 Kc7 61. Ra3 Rd8 62. Rh3 b5+ 63. Kc3 Kb6 64. Rhd3 a5 65.
bxa5+ Kxa5 66. Ra2+ Kb6 67. Rd1 Ne3 68. Rda1 Nd5+ 69. Kb3 Nc7 70. Kc3 c5 71.
dxc5+ Kxc5 72. Rh2 b4+ 73. Kc2 Kc4 74. Ra7 Nb5 75. Rb7 b3+ 76. Kc1 Ra8 77. Rb2
Ra1+ 78. Rb1 b2+ 0-1

[Event "OL-NORD WEST 1617 SV Werder Bremen - Po"]
[Site "?"]
[Date "2016.12.04"]
[Round "3.6"]
[White "Buescher, Andre"]
[Black "Schulze, Ingo"]
[Result "0-1"]
[WhiteElo "2065"]
[BlackElo "2030"]
[PlyCount "84"]
[EventDate "2016.??.??"]

1. e4 c6 2. d4 d5 3. Nd2 dxe4 4. Nxe4 Nf6 5. Nxf6+ gxf6 6. c3 Bf5 7. Nf3 e6 8.
g3 Nd7 9. Bg2 Bd6 10. Nh4 Bg6 11. O-O Qc7 12. c4 O-O 13. Nxg6 hxg6 14. Be3 Rfe8
15. d5 cxd5 16. cxd5 e5 17. Qa4 Nc5 18. Qh4 Qe7 19. Rfd1 Nd7 20. Rac1 Rac8 21.
Bh3 Rxc1 22. Rxc1 Nb6 23. Bg2 Rc8 24. Rxc8+ Nxc8 25. Qc4 Qd7 26. Bf1 Ne7 27.
Qb3 a6 28. a4 Kg7 29. h4 f5 30. Kh2 f6 31. Qc4 Bb8 32. b3 Nxd5 33. Qd3 Qd6 34.
Bg2 e4 35. Qd4 Nxe3 36. Qxe3 Bc7 37. Kg1 Bb6 38. Qe2 Qxg3 39. Qd2 Qxh4 40. Qd7+
Kh6 41. Qxb7 Bxf2+ 42. Kf1 Bd4 0-1

[Event "OL-NORD WEST 1617 SV Werder Bremen - Po"]
[Site "?"]
[Date "2016.12.04"]
[Round "3.7"]
[White "von Estorff, Jacob"]
[Black "Schoetzig, Detlef"]
[Result "1/2-1/2"]
[WhiteElo "1885"]
[BlackElo "2120"]
[PlyCount "33"]
[EventDate "2016.??.??"]

1. e4 d5 2. exd5 Nf6 3. d4 Nxd5 4. c4 Nb6 5. Nc3 e5 6. Nf3 Bg4 7. Be3 exd4 8.
Qxd4 Qxd4 9. Nxd4 Bb4 10. Rc1 Na6 11. a3 Bxc3+ 12. Rxc3 O-O-O 13. Be2 Bxe2 14.
Kxe2 Rhe8 15. Rd1 Nc5 16. b3 Nbd7 17. f3 1/2-1/2

[Event "OL-NORD WEST 1617 SV Werder Bremen - Po"]
[Site "?"]
[Date "2016.12.04"]
[Round "3.8"]
[White "Heinemann, Lars"]
[Black "Untiedt, Jan Niklas"]
[Result "1/2-1/2"]
[WhiteElo "2029"]
[BlackElo "1922"]
[PlyCount "57"]
[EventDate "2016.??.??"]

1. Nc3 Nf6 2. e4 e5 3. f4 d5 4. fxe5 Nxe4 5. d3 Nxc3 6. bxc3 Be7 7. Nf3 O-O 8.
Be2 f6 9. O-O c6 10. Bf4 Nd7 11. d4 fxe5 12. Nxe5 Nxe5 13. Bxe5 Bd6 14. Bxd6
Rxf1+ 15. Qxf1 Qxd6 16. Bd3 Bd7 17. Re1 Rf8 18. Qe2 Re8 19. Qf2 Rxe1+ 20. Qxe1
Qe6 21. Qf2 g6 22. h3 a6 23. a4 b5 24. a5 Qd6 25. Qh4 Qf8 26. Qg5 Kg7 27. Qe5+
Kg8 28. Qc7 Qc8 29. Qe5 1/2-1/2

[Event "OL-NORD WEST 1617 Bremer SG - Delmenhor"]
[Site "?"]
[Date "2016.12.04"]
[Round "3.3"]
[White "Korsus, Bernd"]
[Black "Hundack, Rolf"]
[Result "1-0"]
[WhiteElo "2330"]
[BlackElo "2122"]
[PlyCount "87"]
[EventDate "2016.??.??"]

1. d4 Nf6 2. Nf3 d5 3. c4 e6 4. g3 Be7 5. Bg2 O-O 6. O-O Nbd7 7. Qc2 c5 8. cxd5
Nxd5 9. Nc3 Nb4 10. Qd1 Bf6 11. Be3 cxd4 12. Bxd4 Nc6 13. Bxf6 Nxf6 14. Qb3 e5
15. Rfd1 Qe7 16. e3 Bg4 17. h3 Bh5 18. g4 Bg6 19. Nh4 Rad8 20. Nxg6 hxg6 21.
Qa4 Rc8 22. a3 Rfe8 23. Rd2 e4 24. g5 Nh7 25. h4 Ne5 26. Nxe4 Rc4 27. Qd1 Rf8
28. Rc1 Rxc1 29. Qxc1 Qe6 30. Qd1 Nc6 31. Rd5 Ne7 32. Rd6 Qc8 33. Rd4 Nc6 34.
Rd2 Ne7 35. Nd6 Qe6 36. Bxb7 Qh3 37. Rd4 Rb8 38. Bg2 Qe6 39. b4 Nf8 40. Qf3 Qa2
41. Re4 Nf5 42. Nxf5 gxf5 43. Qxf5 Qa1+ 44. Bf1 1-0

[Event "OL-NORD WEST 1617 Bremer SG - Delmenhor"]
[Site "?"]
[Date "2016.12.04"]
[Round "3.5"]
[White "Hedke, Fred"]
[Black "Giel, Olaf"]
[Result "1-0"]
[WhiteElo "2281"]
[BlackElo "2143"]
[PlyCount "63"]
[EventDate "2016.??.??"]

1. e4 c5 2. Nf3 d6 3. h3 Nc6 4. c3 Qa5 5. Bd3 g6 6. O-O Bg7 7. Bc2 Be6 8. d4
cxd4 9. cxd4 Bc4 10. Bd3 Bxd3 11. Qxd3 Bh6 12. Nc3 Bxc1 13. Raxc1 a6 14. d5 Nb8
15. Nb5 axb5 16. Rc8+ Kd7 17. Rfc1 Nc6 18. Rxa8 Qxa8 19. dxc6+ bxc6 20. Ne5+
Ke8 21. Nxc6 Qxa2 22. Qxb5 Kf8 23. b4 Nf6 24. Qd3 Kg7 25. b5 Ra8 26. b6 Qb2 27.
Qb1 Ra2 28. Rf1 Nxe4 29. Qxe4 Qxb6 30. Nxe7 Qb2 31. Nd5 Qd2 32. Ne3 1-0

[Event "OL-NORD WEST 1617 Bremer SG - Delmenhor"]
[Site "?"]
[Date "2016.12.04"]
[Round "3.7"]
[White "Margraf, Daniel"]
[Black "Rust-Lux, Klaus"]
[Result "1-0"]
[WhiteElo "2189"]
[BlackElo "2074"]
[PlyCount "53"]
[EventDate "2016.??.??"]

1. e4 d6 2. d4 Nf6 3. Nc3 g6 4. f4 Bg7 5. Nf3 O-O 6. e5 dxe5 7. fxe5 Nd5 8. Bc4
Nb6 9. Bb3 Nc6 10. a4 Bg4 11. a5 Bxf3 12. gxf3 Nc8 13. Be3 e6 14. Ne4 Qh4+ 15.
Bf2 Qe7 16. c3 Rd8 17. Qe2 a6 18. h4 N8a7 19. h5 Nxd4 20. Bxd4 Rxd4 21. hxg6
hxg6 22. cxd4 Qb4+ 23. Nd2 Qxd4 24. O-O-O Nc6 25. Nc4 Qc5 26. Kb1 Nxe5 27. Nxe5
1-0

[Event "OL-NORD WEST 1617 Bremer SG - Delmenhor"]
[Site "?"]
[Date "2016.12.04"]
[Round "3.8"]
[White "Krajina, Davor"]
[Black "Grebener, Soeren"]
[Result "1-0"]
[WhiteElo "2254"]
[BlackElo "2014"]
[PlyCount "73"]
[EventDate "2016.??.??"]

1. e4 e5 2. Nf3 Nf6 3. Nc3 Bb4 4. Bc4 d6 5. d3 c6 6. Bd2 Ba5 7. Qe2 Nbd7 8. a3
b5 9. Ba2 Bb6 10. h3 h6 11. Be3 Nf8 12. d4 exd4 13. Nxd4 Bxd4 14. Bxd4 Be6 15.
e5 dxe5 16. Bxe5 Qe7 17. O-O-O Bxa2 18. Nxa2 Nd5 19. Rhe1 f6 20. Bxf6 Qxe2 21.
Rxe2+ Kf7 22. Be5 Ng6 23. Nc3 Nxc3 24. Bxc3 Rhd8 25. Red2 Rxd2 26. Rxd2 Ne7 27.
Rd6 a5 28. Bd2 a4 29. Rd7 Ke6 30. Rc7 Rc8 31. Rb7 g5 32. Bb4 Nd5 33. Rh7 c5 34.
Rxh6+ Kf5 35. Bd2 b4 36. Rh5 Rg8 37. h4 1-0

[Event "OL-NORD WEST 1617 Union Oldenburg - SV "]
[Site "?"]
[Date "2016.12.04"]
[Round "3.1"]
[White "Lingnau, Carsten"]
[Black "Bredemeier, Dirk"]
[Result "1/2-1/2"]
[WhiteElo "2413"]
[BlackElo "2297"]
[PlyCount "40"]
[EventDate "2016.??.??"]

1. d4 Nf6 2. c4 c5 3. Nf3 cxd4 4. Nxd4 e5 5. Nb5 d5 6. cxd5 Bc5 7. N5c3 O-O 8.
g3 Qb6 9. e3 Bf5 10. a3 Nbd7 11. Bg2 e4 12. O-O Rac8 13. Nd2 Rfe8 14. h3 h5 15.
Nc4 Qa6 16. b3 b5 17. Nd2 Bd6 18. Ne2 Be5 19. Ra2 Qb7 20. Bb2 Qxd5 1/2-1/2

[Event "OL-NORD WEST 1617 Union Oldenburg - SV "]
[Site "?"]
[Date "2016.12.04"]
[Round "3.2"]
[White "Hermann, Manfred"]
[Black "Hoffmann, Alexander"]
[Result "1/2-1/2"]
[WhiteElo "2299"]
[BlackElo "2406"]
[PlyCount "48"]
[EventDate "2016.??.??"]

1. e4 c5 2. c3 Nf6 3. e5 Nd5 4. d4 cxd4 5. Nf3 Nc6 6. cxd4 d6 7. Bc4 e6 8. O-O
Be7 9. Re1 O-O 10. a3 b6 11. Bxd5 exd5 12. Nc3 Be6 13. Bf4 Rc8 14. exd6 Bxd6
15. Bxd6 Qxd6 16. Ne5 Na5 17. Rc1 a6 18. b4 Nc4 19. Nxc4 Rxc4 20. Na4 Rfc8 21.
Qd2 h6 22. Nb2 R4c7 23. Nd3 Bf5 24. Rxc7 Qxc7 1/2-1/2

[Event "OL-NORD WEST 1617 Union Oldenburg - SV "]
[Site "?"]
[Date "2016.12.04"]
[Round "3.3"]
[White "Hummel, Dirk"]
[Black "Mueer, Sebastian"]
[Result "1/2-1/2"]
[WhiteElo "2292"]
[BlackElo "2237"]
[PlyCount "37"]
[EventDate "2016.??.??"]

1. d4 Nf6 2. c4 g6 3. Nc3 Bg7 4. Nf3 O-O 5. g3 c5 6. Bg2 cxd4 7. Nxd4 Qc7 8. b3
d5 9. Ndb5 Qa5 10. Bd2 dxc4 11. bxc4 Qd8 12. O-O a6 13. Na3 Qa5 14. Nd5 Qxa3
15. Bb4 Qb2 16. Bc3 Qa3 17. Bb4 Qb2 18. Bc3 Qa3 19. Bb4 1/2-1/2

[Event "OL-NORD WEST 1617 Union Oldenburg - SV "]
[Site "?"]
[Date "2016.12.04"]
[Round "3.4"]
[White "Wittje, Berthold"]
[Black "Gronde, Ingo"]
[Result "1/2-1/2"]
[WhiteElo "2227"]
[BlackElo "2205"]
[PlyCount "81"]
[EventDate "2016.??.??"]

1. Nf3 Nf6 2. g3 g6 3. Bg2 Bg7 4. c4 O-O 5. d4 d6 6. O-O c6 7. Nc3 Qa5 8. e4 e5
9. h3 Nbd7 10. Be3 Nb6 11. Qb3 exd4 12. Nxd4 Qa6 13. Rfc1 Qxc4 14. Nxc6 bxc6
15. Bxb6 Qxb3 16. axb3 Bxh3 17. Rxa7 Bxg2 18. Kxg2 Rxa7 19. Bxa7 Ra8 20. Bd4
Rb8 21. Rd1 Rxb3 22. Bxf6 Bxf6 23. Rxd6 Bxc3 24. bxc3 Rxc3 25. Rd8+ Kg7 26. e5
g5 27. g4 Rc4 28. Kg3 c5 29. Rc8 h6 30. Rc6 Kf8 31. Rxh6 Re4 32. Rc6 Rxe5 33.
f4 Re3+ 34. Kf2 gxf4 35. Rxc5 Rg3 36. g5 Kg7 37. Rf5 Kg6 38. Rxf4 Rxg5 39. Ra4
Re5 40. Kf3 f5 41. Kf4 1/2-1/2

[Event "OL-NORD WEST 1617 Union Oldenburg - SV "]
[Site "?"]
[Date "2016.12.04"]
[Round "3.5"]
[White "Ewert, Hannes"]
[Black "Heinemann, Ernst"]
[Result "1-0"]
[WhiteElo "2147"]
[BlackElo "2123"]
[PlyCount "101"]
[EventDate "2016.??.??"]

1. e4 c6 2. Nf3 d5 3. Nc3 g6 4. h3 Bg7 5. d4 Nh6 6. Bf4 O-O 7. Qd2 dxe4 8. Nxe4
Nf5 9. c3 Nd7 10. g4 Nd6 11. Nxd6 exd6 12. Bxd6 Re8+ 13. Be2 Nb6 14. Bg3 Be6
15. O-O Nc4 16. Qc2 Bd5 17. b3 Be4 18. Qd1 Nd6 19. Nd2 Bd5 20. Bf3 Nb5 21. Bxd5
cxd5 22. Qf3 Bh6 23. Rfd1 Rc8 24. Rac1 Qa5 25. Be5 Rxe5 26. dxe5 Rxc3 27. Rxc3
Nxc3 28. Nc4 dxc4 29. Rd7 Bf4 30. e6 Qe5 31. exf7+ Kf8 32. Qxb7 Qe1+ 33. Kg2
Qe4+ 34. Qxe4 Nxe4 35. Kf3 Nc5 36. Rd5 Ne6 37. bxc4 Kxf7 38. Rd7+ Kf6 39. Rxa7
Ke5 40. Re7 Bd2 41. Ke2 Bb4 42. Rxh7 Kd4 43. h4 Kxc4 44. Rd7 Kc5 45. Kd3 Kc6
46. Rf7 Kd5 47. h5 gxh5 48. gxh5 Nc5+ 49. Kc2 Ke6 50. Rf4 Ba3 51. Rf3 1-0

[Event "OL-NORD WEST 1617 Union Oldenburg - SV "]
[Site "?"]
[Date "2016.12.04"]
[Round "3.6"]
[White "Schuette, Marc"]
[Black "Happe, Reinhold"]
[Result "1/2-1/2"]
[WhiteElo "2108"]
[BlackElo "2118"]
[PlyCount "77"]
[EventDate "2016.??.??"]

1. e4 e5 2. Nf3 Nc6 3. Bb5 a6 4. Ba4 Nf6 5. d3 d6 6. c3 g6 7. O-O Bg7 8. Re1
O-O 9. d4 b5 10. dxe5 Nxe5 11. Nxe5 dxe5 12. Bc2 Qxd1 13. Rxd1 Bb7 14. f3 Rfd8
15. Bg5 Rxd1+ 16. Bxd1 h6 17. Be3 Bf8 18. Be2 Nd7 19. Nd2 Bc5 20. Kf2 Bxe3+ 21.
Kxe3 Nc5 22. Rc1 Ne6 23. Nb3 Bc6 24. Na5 Be8 25. g3 g5 26. Rh1 Kg7 27. h4 f6
28. Bd1 Rd8 29. Bb3 Nc5 30. Bc2 Bf7 31. b4 Ne6 32. Bb3 Nf8 33. Nc6 Rd7 34. hxg5
hxg5 35. Ra1 Bc4 36. Bxc4 bxc4 37. Ke2 Rd3 38. a4 Rxc3 39. Rd1 1/2-1/2

[Event "OL-NORD WEST 1617 Union Oldenburg - SV "]
[Site "?"]
[Date "2016.12.04"]
[Round "3.7"]
[White "Stock, Joerg"]
[Black "Buerckner, Hartmut"]
[Result "0-1"]
[WhiteElo "2201"]
[BlackElo "2143"]
[PlyCount "94"]
[EventDate "2016.??.??"]

1. e4 c5 2. Nf3 d6 3. d4 cxd4 4. Nxd4 Nf6 5. Nc3 a6 6. g3 e6 7. Bg2 Be7 8. O-O
O-O 9. Be3 Nbd7 10. f4 Qc7 11. g4 Nb6 12. g5 Nfd7 13. Kh1 Re8 14. Rf3 Nc4 15.
Bc1 b5 16. Rh3 Nf8 17. b3 Nb6 18. f5 b4 19. Nce2 e5 20. Nf3 d5 21. Nh4 dxe4 22.
Ng3 g6 23. Nxe4 Bb7 24. c4 bxc3 25. Rxc3 Rad8 26. Qe2 Qd7 27. Be3 Nd5 28. Rd3
gxf5 29. Nf6+ Bxf6 30. gxf6 Qe6 31. Rg1 Ng6 32. Qh5 Nxf6 33. Qe2 Bxg2+ 34. Rxg2
Rd5 35. Bg5 Red8 36. Rxd5 Rxd5 37. Qc2 Ne4 38. Bh6 Qd7 39. Rg1 Rc5 40. Qe2 Qc6
41. Rg2 f4 42. Nf3 Rc1+ 43. Ng1 f6 44. b4 Nd6 45. Qd3 Rc3 46. Qb1 Nf7 47. h4
Rg3 0-1

[Event "OL-NORD WEST 1617 Union Oldenburg - SV "]
[Site "?"]
[Date "2016.12.04"]
[Round "3.8"]
[White "Wagner, Jan"]
[Black "Bade, Hans-Juergen"]
[Result "1-0"]
[WhiteElo "2129"]
[BlackElo "1992"]
[PlyCount "83"]
[EventDate "2016.??.??"]

1. Nf3 e6 2. c4 Nf6 3. Nc3 Bb4 4. g4 d5 5. Qc2 Nc6 6. g5 Ng8 7. Rg1 Nge7 8. e3
d4 9. Ne4 dxe3 10. fxe3 Nf5 11. Nc3 Be7 12. d4 Nb4 13. Qf2 c5 14. a3 Qa5 15.
Rb1 Na6 16. dxc5 Qxc5 17. b4 Qc7 18. Nb5 Qb6 19. c5 Nxc5 20. bxc5 Bxc5 21. Nfd4
O-O 22. Bd2 Rd8 23. Bd3 a6 24. Nc3 Qc7 25. Ne4 Bxa3 26. Nf6+ gxf6 27. gxf6+ Kf8
28. Bxf5 exf5 29. Qg2 Ke8 30. Qg8+ Kd7 31. Qxf7+ Kd6 32. Qb3 Bc5 33. Rg7 Qb8
34. Qf7 Rd7 35. Nxf5+ Kc7 36. Qc4 Qa7 37. Bc3 b5 38. Be5+ Kc6 39. Ne7+ Rxe7 40.
Qe4+ Kb6 41. Rxe7 Bb7 42. Bc7# 1-0

[Event "OL-NORD WEST 1617 Hannover - Nordhorn B"]
[Site "?"]
[Date "2016.12.04"]
[Round "3.1"]
[White "Kollen, Zyon"]
[Black "Izrailev, Alexander"]
[Result "1-0"]
[WhiteElo "2321"]
[BlackElo "2263"]
[PlyCount "79"]
[EventDate "2016.??.??"]

1. e4 e6 2. d4 d5 3. Nc3 Nf6 4. Bg5 dxe4 5. Nxe4 Be7 6. Bxf6 gxf6 7. Nc3 c6 8.
Nf3 b6 9. g3 Bb7 10. Bg2 Nd7 11. Qd2 Qc7 12. O-O-O O-O-O 13. Rhe1 Kb8 14. Qh6
f5 15. Qh5 Rdf8 16. Ne5 Nxe5 17. dxe5 Bb4 18. a3 Bxc3 19. bxc3 Qe7 20. Rd6 Rd8
21. Red1 Rxd6 22. Rxd6 c5 23. Bxb7 Qxb7 24. Qg5 Rc8 25. Qg7 h5 26. Qh7 Qe4 27.
Qxf7 Qxe5 28. Rd7 Qe4 29. Rxa7 c4 30. Re7 Rc5 31. Re8+ Rc8 32. Rxe6 Qh1+ 33.
Kb2 Rc6 34. Qe8+ Kb7 35. Qxc6+ Qxc6 36. Rxc6 Kxc6 37. a4 Kd5 38. Ka3 Ke4 39.
Kb4 Kf3 40. Kb5 1-0

[Event "OL-NORD WEST 1617 Hannover - Nordhorn B"]
[Site "?"]
[Date "2016.12.04"]
[Round "3.2"]
[White "Bangiev, Alexander"]
[Black "Kroeze, Frank M"]
[Result "0-1"]
[WhiteElo "2388"]
[BlackElo "2392"]
[PlyCount "48"]
[EventDate "2016.??.??"]

1. e4 c6 2. d4 d5 3. e5 c5 4. dxc5 e6 5. Nf3 Bxc5 6. Bd3 Nc6 7. O-O f6 8. Bb5
Nge7 9. exf6 gxf6 10. Nd4 O-O 11. Nb3 Bb6 12. Nc3 e5 13. Na4 Bc7 14. Nac5 Qd6
15. c4 Nd4 16. Nd3 Nxb5 17. cxb5 Ng6 18. g3 b6 19. Bd2 Qd7 20. Bb4 Rd8 21. Rc1
Bb7 22. Ne1 Rac8 23. Qe2 d4 24. Rd1 Qf5 0-1

[Event "OL-NORD WEST 1617 Hannover - Nordhorn B"]
[Site "?"]
[Date "2016.12.04"]
[Round "3.3"]
[White "Schulz, Jens"]
[Black "Piepho, Niels"]
[Result "1/2-1/2"]
[WhiteElo "2219"]
[BlackElo "2247"]
[PlyCount "41"]
[EventDate "2016.??.??"]

1. e4 d6 2. Nc3 g6 3. d4 Nf6 4. Bg5 Bg7 5. f3 a6 6. Qd2 Nbd7 7. O-O-O b5 8. Bh6
Bxh6 9. Qxh6 e5 10. dxe5 dxe5 11. g3 Qe7 12. Bh3 Nb6 13. Bxc8 Rxc8 14. Nge2 Rd8
15. Rhe1 Rd6 16. Rxd6 cxd6 17. Qe3 Qc7 18. Qg5 Qe7 19. Qe3 Qc7 20. Qg5 Qe7 21.
Qe3 1/2-1/2

[Event "OL-NORD WEST 1617 Hannover - Nordhorn B"]
[Site "?"]
[Date "2016.12.04"]
[Round "3.4"]
[White "Lick, Patrick"]
[Black "Oehne, Timo"]
[Result "1-0"]
[WhiteElo "2203"]
[BlackElo "2136"]
[PlyCount "69"]
[EventDate "2016.??.??"]

1. d4 Nf6 2. c4 g6 3. Nc3 d5 4. cxd5 Nxd5 5. e4 Nxc3 6. bxc3 Bg7 7. Be3 c5 8.
Qd2 Qa5 9. Rc1 O-O 10. Nf3 Rd8 11. d5 Bg4 12. Ng5 h6 13. h3 Bc8 14. Nf3 Kh7 15.
Be2 e6 16. O-O Nc6 17. Rfd1 exd5 18. exd5 Ne7 19. c4 Qxd2 20. Nxd2 b6 21. g4
Ba6 22. Bf3 Nc8 23. Ne4 f5 24. gxf5 gxf5 25. Ng3 Nd6 26. Bf4 Nxc4 27. d6 Ne5
28. Bxa8 Rxa8 29. Bxe5 Bxe5 30. Rd5 Bf6 31. Rxf5 Kg6 32. Re1 Bc4 33. Re4 Bd4
34. h4 Rd8 35. Re7 1-0

[Event "OL-NORD WEST 1617 Hannover - Nordhorn B"]
[Site "?"]
[Date "2016.12.04"]
[Round "3.5"]
[White "Baisakow, Alexander"]
[Black "Ljubarskij, Juri"]
[Result "1-0"]
[WhiteElo "2164"]
[BlackElo "2202"]
[PlyCount "91"]
[EventDate "2016.??.??"]

1. e4 e5 2. Nf3 Nc6 3. Bc4 Bc5 4. b4 Bxb4 5. c3 Bc5 6. d4 exd4 7. O-O d6 8.
cxd4 Bb6 9. Nc3 Bg4 10. Bb5 Kf8 11. Ne2 Nge7 12. Ba3 h5 13. e5 Bxf3 14. gxf3
Rh6 15. f4 Nf5 16. Bxc6 bxc6 17. Qc2 Qd7 18. Rac1 Nxd4 19. Nxd4 Bxd4 20. Qxc6
Rd8 21. Qxd7 Rxd7 22. Rfd1 Bb6 23. f5 Ke8 24. exd6 cxd6 25. Rc8+ Bd8 26. Bb2
Rh7 27. f6 gxf6 28. Bxf6 Re7 29. Rxd8+ Kxd8 30. Re1 Rh6 31. Bxe7+ Kd7 32. f4
Rg6+ 33. Kf2 d5 34. Bc5 a5 35. Kf3 Kc6 36. Bd4 Kb5 37. Rc1 Kb4 38. Rc5 Rd6 39.
f5 a4 40. Kf4 Rd7 41. Ke5 Re7+ 42. Kxd5 Re2 43. Rc4+ Kb5 44. a3 Rxh2 45. Rb4+
Ka5 46. Kc6 1-0

[Event "OL-NORD WEST 1617 Hannover - Nordhorn B"]
[Site "?"]
[Date "2016.12.04"]
[Round "3.6"]
[White "Phunhon Lopez, Daniel Alejandr"]
[Black "Bierenbroodspot, Paul"]
[Result "0-1"]
[WhiteElo "1902"]
[BlackElo "2094"]
[PlyCount "64"]
[EventDate "2016.??.??"]

1. e4 d5 2. exd5 Nf6 3. Bb5+ Nbd7 4. c4 a6 5. Bxd7+ Bxd7 6. Nc3 e6 7. dxe6 Bxe6
8. d3 Qd7 9. Nge2 O-O-O 10. Nf4 Bg4 11. f3 Bf5 12. Ncd5 Bb4+ 13. Nxb4 Qe7+ 14.
Kf2 Qxb4 15. g4 Bxd3 16. Nxd3 Qxc4 17. Bg5 Rxd3 18. Qc1 Rxf3+ 19. Kxf3 Qxg4+
20. Kf2 Ne4+ 21. Ke1 Nxg5 22. Qe3 Qb4+ 23. Kf2 Ne4+ 24. Kf3 Re8 25. Rhd1 Nf6
26. Qd4 Qb5 27. Re1 Rd8 28. Qe5 Rd5 29. Qe7 Qc6 30. Kg3 Rg5+ 31. Kf2 Qg2+ 32.
Ke3 Nd5+ 0-1

[Event "OL-NORD WEST 1617 Hannover - Nordhorn B"]
[Site "?"]
[Date "2016.12.04"]
[Round "3.7"]
[White "Hoellmann, Ludger"]
[Black "Usachyi, Vladimir"]
[Result "0-1"]
[WhiteElo "2063"]
[BlackElo "2119"]
[PlyCount "96"]
[EventDate "2016.??.??"]

1. d4 d6 2. e4 c6 3. c4 Nf6 4. Nc3 Nbd7 5. Nf3 e5 6. Be2 Be7 7. O-O O-O 8. Be3
Re8 9. Ne1 Nf8 10. d5 Ng6 11. Nd3 Nd7 12. Qd2 Nb6 13. b3 f5 14. f3 f4 15. Bf2
c5 16. a3 Bh4 17. g3 Bg5 18. Qa2 Bh3 19. Rfd1 Nd7 20. b4 b6 21. bxc5 Nxc5 22.
Nxc5 bxc5 23. Rab1 Re7 24. Rb3 h5 25. Rdb1 Qf8 26. Rb7 Rf7 27. Rxf7 Qxf7 28.
Qb3 Rf8 29. Qb7 Be7 30. Qxa7 fxg3 31. hxg3 h4 32. Rb8 hxg3 33. Rxf8+ Nxf8 34.
Bxg3 Qg6 35. Kf2 Bg5 36. Bd3 Bd2 37. Nd1 Qh6 38. Qe7 Ba5 39. Ne3 Be1+ 40. Kxe1
Qxe3+ 41. Be2 Qg1+ 42. Kd2 Qxg3 43. Qxd6 Qf2 44. Kd3 Qd4+ 45. Kc2 Bd7 46. Qa6
Qe3 47. Bd1 Bh3 48. Qd6 Bf1 0-1